000 00576nam a22001817a 4500
005 20231212124147.0
008 231212b |||||||| |||| 00| 0 eng d
020 _a9781485135180
041 _aEnglish
082 _a346.2 CON
100 _aVan Huyssteen, LF et al.
_lEnglish
245 _aContract : General Principles /
_cLF Van Huyssteen et al.
250 _aSixth Edition
260 _aCape Town :
_bJuta and Company (Pty) Ltd,
_c2020
300 _bxiv, 774 pages ;
_c25 cm.
650 _aLegal practice
_bLaw
942 _cBK
_6ALISON_BN_VRIES
999 _c1180
_d1180